00505nam a2200193Ia 4500003000400000008004100004040001600045082002100061100002300082245005300105700001900158700001700177260004500194300000900239650001500248650001300263650001200276650002300288GCL140319s9999 xx 000 0 eng d aGCL / cGCL04aCHb823.087bM H1 aMONCURE, JANE BELK10aHERE WE GO ROUND THE YEAR / cMONCURE, JANE BELK1 aJACOBSON, LORI1 aHOHAG, LINDA a[S.N] : bTHE CHILD WORLD, INC ، c1988 a29 P04aLITERATURE04aCHILDREN04aFICTION04aCHILDREN - FICTION